[Event "Rio de Janeiro Inverno"]
[Site "Rio de Janeiro"]
[Date "2011.08.21"]
[Round "3.33"]
[White "Rodrigues, Nei Jorge"]
[Black "Dos Santos Jr, Braulio"]
[Result "0-1"]
[WhiteElo "2053"]
[BlackElo "2016"]
[PlyCount "120"]
[EventDate "2011.08.10"]
[EventType "swiss"]
[EventRounds "7"]
[EventCountry "BRA"]
[SourceTitle "EXT 2022"]
[Source "ChessBase"]
[SourceDate "2021.10.06"]
[SourceVersion "1"]
[SourceVersionDate "2021.10.06"]
[SourceQuality "1"]

1. d4 Nf6 2. c3 d5 3. Bf4 Bf5 4. Qb3 Qc8 5. Nf3 e6 6. Nbd2 h6 7. e3 Be7 8. Rc1 0-0 9. c4 c6 10. h3 a5 11. a3 a4 12. Qd1 Qd8 13. g4 Be4 14. g5 hxg5 15. Bxg5 Nh7 16. Nxe4 dxe4 17. Bxe7 Qxe7 18. Nd2 f5 19. c5 Qh4 20. Bc4 Ng5 21. Qe2 Nd7 22. Kd1 Nf6 23. Kc2 Nd5 24. Rcg1 Rf7 25. Rg3 Kf8 26. Rhg1 Nh7 27. Rg6 Nhf6 28. Qf1 Qh5 29. Be2 Qh7 30. Nc4 Re7 31. Ne5 f4 32. Kd2 f3 33. Bc4 Rd8 34. R6g5 Rc7 35. h4 Nd7 36. Rxg7 Nxe5 37. Rxh7 Nxc4+ 38. Kc1 Rxh7 39. Qxc4 Rxh4 40. Qxa4 Rh2 41. Qa5 Re8 42. Qa7 Rxf2 43. Qxb7 Rg2 44. Rh1 f2 45. Rf1 Rg1 46. Kd2 Rxf1 47. Ke2 Re1+ 48. Kxf2 Rxe3 49. Qxc6 Rf3+ 50. Ke2 Nf4+ 51. Ke1 Re3+ 52. Kf2 Re2+ 53. Kg3 Nd5 54. Qd6+ Kf7 55. Qd7+ Ne7 56. b4 Rg8+ 57. Kf4 Kf6 58. Qd6 Nd5+ 59. Qxd5 exd5 60. b5 Rf2+ 0-1

[Event "Sao Paulo Braga op"]
[Site "Sao Paulo"]
[Date "2011.04.24"]
[Round "9"]
[White "Madeira, Wagner Martins"]
[Black "Dos Santos Jr, Braulio"]
[Result "1-0"]
[WhiteElo "2212"]
[BlackElo "2013"]
[PlyCount "49"]
[EventDate "2011.04.20"]
[EventType "swiss"]
[EventRounds "9"]
[EventCountry "BRA"]
[SourceTitle "EXT 2022"]
[Source "ChessBase"]
[SourceDate "2021.10.06"]
[SourceVersion "1"]
[SourceVersionDate "2021.10.06"]
[SourceQuality "1"]

1. e4 b6 2. d4 e6 3. Bd3 Bb7 4. Nf3 c5 5. c3 h6 6. 0-0 Nf6 7. e5 Ne4 8. Qe2 Ng5 9. Ne1 d5 10. f4 Ne4 11. Nd2 Nxd2 12. Bxd2 g6 13. g4 Be7 14. f5 gxf5 15. gxf5 c4 16. Bc2 Bc8 17. Qh5 Bd7 18. f6 Bf8 19. Ng2 Bb5 20. Rf3 Qd7 21. Raf1 Nc6 22. Rg3 0-0-0 23. Rg7 Bxg7 24. fxg7 Rhg8 25. Rxf7 1-0

[Event "Rio de Janeiro Desafio ALEX"]
[Site "Rio de Janeiro"]
[Date "2010.11.15"]
[Round "7.4"]
[White "Dos Santos Jr, Braulio"]
[Black "Ferreira, Kleber Victor"]
[Result "0-1"]
[WhiteElo "2040"]
[BlackElo "2075"]
[PlyCount "74"]
[EventDate "2010.10.31"]
[EventType "tourn"]
[EventRounds "7"]
[EventCountry "BRA"]
[SourceTitle "EXT 2022"]
[Source "ChessBase"]
[SourceDate "2021.10.06"]
[SourceVersion "1"]
[SourceVersionDate "2021.10.06"]
[SourceQuality "1"]

1. e4 d5 2. exd5 Nf6 3. Nf3 Bg4 4. Be2 Nxd5 5. d4 g6 6. h3 Bxf3 7. Bxf3 c6 8. 0-0 Bg7 9. c3 0-0 10. Re1 Nd7 11. Bxd5 cxd5 12. Bf4 e6 13. Nd2 Qb6 14. Qb3 Qc6 15. Nf3 Rfc8 16. Ne5 Nxe5 17. Bxe5 Bxe5 18. Rxe5 Rab8 19. Qa3 a6 20. Rae1 Qd7 21. g4 Rc6 22. f4 f6 23. R5e3 Kf7 24. Qa4 Qc7 25. Rf3 Rg8 26. Qc2 b5 27. Qe2 f5 28. Kg2 b4 29. Re3 Qc8 30. Kh1 bxc3 31. bxc3 fxg4 32. hxg4 Re8 33. f5 Kg8 34. Rxe6 Rcxe6 35. fxe6 Qxc3 36. Qf1 Rf8 37. Qg2 Qxe1+ 0-1

[Event "Rio de Janeiro Desafio ALEX"]
[Site "Rio de Janeiro"]
[Date "2010.11.15"]
[Round "6.1"]
[White "Rodrigues, Nei Jorge"]
[Black "Dos Santos Jr, Braulio"]
[Result "1-0"]
[WhiteElo "2094"]
[BlackElo "2040"]
[PlyCount "49"]
[EventDate "2010.10.31"]
[EventType "tourn"]
[EventRounds "7"]
[EventCountry "BRA"]
[SourceTitle "EXT 2022"]
[Source "ChessBase"]
[SourceDate "2021.10.06"]
[SourceVersion "1"]
[SourceVersionDate "2021.10.06"]
[SourceQuality "1"]

1. Nf3 d5 2. c4 c6 3. b3 Bf5 4. Bb2 Nf6 5. d3 h6 6. g3 e6 7. Bg2 Be7 8. 0-0 0-0 9. Nbd2 Nbd7 10. Rc1 Qa5 11. a4 Rad8 12. Qc2 Bh7 13. Bc3 Bb4 14. Ba1 e5 15. Rfd1 e4 16. Nd4 exd3 17. exd3 dxc4 18. Nxc4 Qh5 19. Qb2 Rfe8 20. Bf3 Qg6 21. Ne2 Nc5 22. Nf4 Qf5 23. Ne3 Rxe3 24. fxe3 Nxd3 25. e4 1-0

[Event "American Continental 06th"]
[Site "Sao Paulo"]
[Date "2009.07.25"]
[Round "1"]
[White "Prasca Sosa, Rafael Felipe"]
[Black "Dos Santos Jr, Braulio"]
[Result "1-0"]
[WhiteElo "2414"]
[BlackElo "2035"]
[PlyCount "65"]
[EventDate "2009.07.25"]
[EventType "swiss"]
[EventRounds "11"]
[EventCountry "BRA"]
[SourceTitle "EXT 2022"]
[Source "ChessBase"]
[SourceDate "2021.10.06"]
[SourceVersion "1"]
[SourceVersionDate "2021.10.06"]
[SourceQuality "1"]

1. e4 e5 2. Nf3 Nc6 3. Bc4 Nf6 4. d3 Be7 5. Bb3 d5 6. Qe2 Bg4 7. c3 h6 8. h3 dxe4 9. dxe4 Bh5 10. Nbd2 Bd6 11. Nf1 g5 12. Ng3 Bg6 13. Bd2 Qe7 14. Nxg5 Nd7 15. Nf3 0-0-0 16. h4 h5 17. Bd5 Ncb8 18. Ng5 Nb6 19. Bb3 Na6 20. Nf5 Qf8 21. 0-0 Nc5 22. Rfd1 f6 23. Ne6 Nxe6 24. Bxe6+ Kb8 25. Ng3 Qe7 26. Bh3 Qh7 27. a4 Nc8 28. a5 a6 29. b4 Be8 30. Be3 Na7 31. c4 Bc6 32. b5 axb5 33. Bxa7+ 1-0

[Event "Rio de Janeiro Maravilhosa I"]
[Site "Rio de Janeiro"]
[Date "2009.01.30"]
[Round "5.6"]
[White "Mourao, Igor AC Lofredo"]
[Black "Dos Santos Jr, Braulio"]
[Result "1-0"]
[WhiteElo "1987"]
[BlackElo "2023"]
[PlyCount "51"]
[EventDate "2009.01.22"]
[EventType "swiss"]
[EventRounds "6"]
[EventCountry "BRA"]
[SourceTitle "EXT 2022"]
[Source "ChessBase"]
[SourceDate "2021.10.06"]
[SourceVersion "1"]
[SourceVersionDate "2021.10.06"]
[SourceQuality "1"]

1. c4 e6 2. Nc3 Bb4 3. d4 Nf6 4. g3 0-0 5. Bg2 Bxc3+ 6. bxc3 c5 7. Nf3 d6 8. 0-0 Nc6 9. Re1 Qa5 10. Bf4 Ne4 11. Qd3 f5 12. d5 e5 13. dxc6 exf4 14. Nd2 fxg3 15. hxg3 Qc7 16. Nxe4 fxe4 17. Bxe4 g6 18. Red1 bxc6 19. Qxd6 Qf7 20. Qxc5 Be6 21. Rd6 Rab8 22. Rxc6 Rbc8 23. Rd1 Rxc6 24. Bxc6 Rc8 25. Rd6 Rb8 26. Rxe6 1-0

[Event "BRA TR Sudeste"]
[Site "Vitoria"]
[Date "2008.05.03"]
[Round "6.16"]
[White "Dos Santos Jr, Braulio"]
[Black "Silva, Rodrigo Souza"]
[Result "1-0"]
[WhiteElo "2044"]
[BlackElo "1938"]
[PlyCount "129"]
[EventDate "2008.05.01"]
[EventType "swiss"]
[EventRounds "7"]
[EventCountry "BRA"]
[SourceTitle "EXT 2022"]
[Source "ChessBase"]
[SourceDate "2021.10.06"]
[SourceVersion "1"]
[SourceVersionDate "2021.10.06"]
[SourceQuality "1"]

1. e4 c5 2. Nf3 d6 3. d3 g6 4. g3 Bg7 5. Bg2 Nc6 6. c3 e6 7. 0-0 Nge7 8. Re1 0-0 9. h4 Qc7 10. Qe2 b5 11. Bf4 Bb7 12. e5 dxe5 13. Nxe5 Nxe5 14. Bxb7 Qxb7 15. Bxe5 Rfd8 16. Bxg7 Kxg7 17. Qe5+ Kg8 18. Nd2 Rxd3 19. Ne4 Qb6 20. Nf6+ Kf8 21. Nxh7+ Kg8 22. Nf6+ Kf8 23. Qg5 Ng8 24. h5 Nxf6 25. Qxf6 Qd8 26. Qxd8+ Raxd8 27. hxg6 fxg6 28. Rxe6 Kf7 29. Re2 c4 30. Rae1 a6 31. Kg2 R8d6 32. f3 Kf6 33. Kf2 Rc6 34. Re3 Rcd6 35. Rxd3 Rxd3 36. Ke2 Rd5 37. Rd1 Re5+ 38. Kf2 Re6 39. Rd4 Kf5 40. Rd5+ Kf6 41. f4 Kf7 42. Kf3 Kf6 43. Rd4 Kf7 44. a4 Kf6 45. axb5 axb5 46. Rd5 Rb6 47. Rc5 Ke6 48. Ke4 Kf6 49. g4 Ke6 50. Rc7 Kd6 51. Rg7 Kc5 52. Ke5 b4 53. f5 gxf5 54. gxf5 bxc3 55. bxc3 Rb1 56. Rg3 Rb2 57. Re3 Rb8 58. f6 Re8+ 59. Kf4 Rf8 60. Kf5 Kd6 61. Re4 Kd5 62. Rd4+ Kc5 63. Kg6 Rg8+ 64. Kh7 Rg3 65. Rf4 1-0

[Event "BRA TR Sudeste"]
[Site "Vitoria"]
[Date "2008.05.01"]
[Round "2.3"]
[White "Stamenkovic, Dragan"]
[Black "Dos Santos Jr, Braulio"]
[Result "1-0"]
[WhiteElo "2440"]
[BlackElo "2044"]
[PlyCount "59"]
[EventDate "2008.05.01"]
[EventType "swiss"]
[EventRounds "7"]
[EventCountry "BRA"]
[SourceTitle "EXT 2022"]
[Source "ChessBase"]
[SourceDate "2021.10.06"]
[SourceVersion "1"]
[SourceVersionDate "2021.10.06"]
[SourceQuality "1"]

1. d4 Nf6 2. Bg5 Ne4 3. Bf4 c5 4. f3 Nf6 5. dxc5 Qa5+ 6. Nc3 Qxc5 7. e4 a6 8. Qd2 b5 9. g4 Bb7 10. g5 b4 11. Na4 Qc6 12. gxf6 Qxa4 13. fxe7 Bxe7 14. Bc4 0-0 15. 0-0-0 d5 16. exd5 Nd7 17. Ne2 Nc5 18. Kb1 Bf6 19. Nd4 Rac8 20. Bg5 Be5 21. Rhe1 Rfe8 22. f4 Bd6 23. Nf5 Qd7 24. Nxd6 Qxd6 25. Rxe8+ Rxe8 26. Qxb4 Rb8 27. Qe1 f6 28. Bh4 Kf7 29. Bf2 Re8 30. Qb4 1-0

[Event "Rio de Janeiro Bento da Silva op"]
[Site "Rio de Janeiro"]
[Date "2008.03.29"]
[Round "6"]
[White "Dos Santos Jr, Braulio"]
[Black "Rodrigues, Nei Jorge"]
[Result "0-1"]
[WhiteElo "2044"]
[BlackElo "2065"]
[PlyCount "88"]
[EventDate "2008.02.16"]
[EventType "swiss"]
[EventRounds "7"]
[EventCountry "BRA"]
[SourceTitle "EXT 2009"]
[Source "ChessBase"]
[SourceDate "2008.11.26"]
[SourceVersion "1"]
[SourceVersionDate "2008.11.26"]
[SourceQuality "1"]

1. e4 c5 2. Nf3 Nc6 3. d4 cxd4 4. c3 d3 5. Bxd3 d6 6. h3 g6 7. 0-0 Bg7 8. Qe2 Qc7 9. Be3 Nf6 10. Na3 0-0 11. Nd4 Bd7 12. Rfd1 a6 13. Qd2 Ne5 14. Bc2 Rfc8 15. f4 Nc6 16. Rac1 b5 17. Bb1 Rab8 18. Ne2 h5 19. Nd4 Nd8 20. f5 Qb7 21. fxg6 fxg6 22. Qd3 Nf7 23. Nf3 Bc6 24. e5 Be4 25. Qf1 dxe5 26. Ng5 Nxg5 27. Bxg5 Rf8 28. Qe2 Bxb1 29. Nxb1 Ne4 30. Be3 Ng3 31. Qc2 Kh7 32. Re1 Nf5 33. Bf2 Rbd8 34. Rcd1 Qc7 35. Rxd8 Rxd8 36. Nd2 Bh6 37. Nf3 Bf4 38. Qe4 Nd6 39. Qd5 e4 40. Ng5+ Bxg5 41. Qxg5 Rf8 42. Be3 Nf5 43. Bc1 Qa7+ 44. Kh1 Qf2 0-1

[Event "BRA Southeast Region-ch"]
[Site "Vitoria"]
[Date "2007.06.08"]
[Round "3"]
[White "Gazel Pereira, Frederico"]
[Black "Dos Santos Jr, Braulio"]
[Result "1-0"]
[WhiteElo "2228"]
[BlackElo "2029"]
[PlyCount "49"]
[EventDate "2007.06.07"]
[EventType "swiss"]
[EventRounds "7"]
[EventCountry "BRA"]
[SourceTitle "EXT 2022"]
[Source "ChessBase"]
[SourceDate "2021.10.06"]
[SourceVersion "1"]
[SourceVersionDate "2021.10.06"]
[SourceQuality "1"]

1. e4 e5 2. Nf3 Nc6 3. d4 exd4 4. Bc4 Nf6 5. e5 d5 6. Bb5 Ne4 7. Nxd4 Bc5 8. 0-0 0-0 9. Nxc6 bxc6 10. Bxc6 Ba6 11. Qxd5 Bxf1 12. Qxe4 Ba6 13. Nc3 Rb8 14. Qf5 Bc8 15. Qh5 Rb6 16. Be4 g6 17. Qh6 Qd4 18. Bf4 Qxf2+ 19. Kh1 Be6 20. Bd3 Bh3 21. Be4 Be6 22. Bf3 f5 23. exf6 Rf7 24. Ne4 Qxc2 25. Rc1 1-0

[Event "Rio de Janeiro tt"]
[Site "Rio de Janeiro"]
[Date "2001.08.26"]
[Round "5"]
[White "Okamura, Milton Kasuo"]
[Black "Dos Santos Jr, Braulio"]
[Result "1-0"]
[WhiteElo "2189"]
[BlackElo "2030"]
[PlyCount "97"]
[EventDate "2001.08.18"]
[EventType "team"]
[EventRounds "5"]
[EventCountry "BRA"]
[SourceTitle "EXT 2005"]
[Source "ChessBase"]
[SourceDate "2004.11.15"]
[SourceVersion "1"]
[SourceVersionDate "2004.11.15"]
[SourceQuality "1"]

1. d4 Nf6 2. c4 e6 3. Nc3 c5 4. d5 exd5 5. cxd5 d6 6. e4 g6 7. Nf3 Bg7 8. Bd3 0-0 9. h3 Re8 10. 0-0 Na6 11. Re1 Nc7 12. Bf4 Nh5 13. Bg5 f6 14. Be3 Bf8 15. Nh2 Re7 16. Ng4 Qe8 17. Qf3 Rf7 18. Nh6+ Bxh6 19. Bxh6 b5 20. a3 a5 21. g4 Ng7 22. Bf4 Qd7 23. Bf1 Ba6 24. Qg3 Rd8 25. Bg2 g5 26. Bd2 Bc8 27. Nd1 a4 28. Bc3 Rdf8 29. Ne3 Na6 30. Rac1 h5 31. f4 h4 32. Qf2 Qa7 33. Nf5 Bxf5 34. exf5 b4 35. axb4 Nxb4 36. Rcd1 Rb7 37. fxg5 fxg5 38. Qd2 Na2 39. Qxg5 Nxc3 40. bxc3 c4+ 41. Kh1 Qf2 42. Rf1 Qg3 43. Rf3 Rxf5 44. Rxf5 Rb2 45. Rg1 Qxc3 46. Qd8+ Kh7 47. Qxh4+ Kg8 48. Qd8+ Kh7 49. Rf8 1-0